000 01119nam a2200217Ia 4500
003 Ost
005 20260507075633.0
008 260507s9999||||xx |||||||||||||| ||und||
040 _cfsecg
041 _aara
082 _a658.049
100 _aعباس، صلاح
_eمؤلف
245 0 _aالعولمة في إدارة المنظمات العالمية /
_c صلاح عباس
260 _aالإسكندرية:
_bمؤسسة شباب الجامعة,
_c2005
300 _a159 صفحة؛
_bإيضاحات ؛
_c24 سم
520 _aالعولمة وتطور الإتفاقيات التجارية- العولمة في إدارة المنظمات العالمية- تكوين الإستراتيجية- الإدارة الإستراتيجية- تحديد الفرص- التنفيذ للإختيار الإستراتيجي- تطبيقات على نماذج محلية- تطبيقات على نموذج عالمي- التنفيذ للإختيار الإستراتيجي
653 _aالإتفاقيات الدولية
653 _aالعولمة
653 _aالمنظمات العالمية
942 _cكتاب
999 _c45253
_d45253